00481nam a22001457a 4500008004100000040005500041080001600096245009100112250001200203260005200215300001600267650001600283653001300299700002300312230515b |||||||| |||| 00| 0 eng d aNational Science LibrarycNational Science Library aR 030.8bK5 aConcise oxford oxford dictionary of current English c/ Oxford at the Clarendon Press  a5th ed. aOxford: bOxford at the Clarendon Press, c1964 axvi, 1558p. aDictionary  aEnglish  aFowler, H W (Ed.)